LEADER 01116nam 2200385 450 001 9910583029103321 005 20230120002710.0 010 $a0-12-804771-2 010 $a0-12-804667-8 035 $a(CKB)4100000000972621 035 $a(MiAaPQ)EBC5143993 035 $a(EXLCZ)994100000000972621 100 $a20171213h20182018 uy 0 101 0 $aeng 135 $aurcnu|||||||| 181 $2rdacontent 182 $2rdamedia 183 $2rdacarrier 200 00$aIn vitro toxicology /$fedited by Alok Dhawan and Seok Kwon 210 1$aLondon, England :$cAcademic Press,$d2018. 210 4$dİ2018 215 $a1 online resource (229 pages) $cillustrations, tables 320 $aIncludes bibliographical references at the end of each chapters and index. 606 $aToxicity testing$xIn vitro 615 0$aToxicity testing$xIn vitro. 676 $a615.907 702 $aDhawan$b Alok 702 $aKwon$b Seok 801 0$bMiAaPQ 801 1$bMiAaPQ 801 2$bMiAaPQ 906 $aBOOK 912 $a9910583029103321 996 $aIn vitro toxicology$92139524 997 $aUNINA LEADER 01467oam 2200445zu 450 001 996215694603316 005 20210807004558.0 010 $a961-248-281-0 035 $a(CKB)3420000000000567 035 $a(SSID)ssj0000669156 035 $a(PQKBManifestationID)12310508 035 $a(PQKBTitleCode)TC0000669156 035 $a(PQKBWorkID)10704924 035 $a(PQKB)10550772 035 $a(NjHacI)993420000000000567 035 $a(EXLCZ)993420000000000567 100 $a20160829d2012 uy 101 0 $aeng 135 $aur||||||||||| 181 $ctxt 182 $cc 183 $acr 200 10$a2011 Proceedings of the 22nd EAEEIE Annual Conference 210 31$a[Place of publication not identified]$cIEEE$d2012 215 $a1 online resource (various pagings) $cillustrations 300 $aBibliographic Level Mode of Issuance: Monograph 311 $a1-4673-1150-2 606 $aInternet in education$vCongresses 606 $aEducation$xData processing$vCongresses 606 $aInformation technology$xInformation technology$xStudy and teaching 615 0$aInternet in education 615 0$aEducation$xData processing 615 0$aInformation technology$xInformation technology$xStudy and teaching. 676 $a370.285 702 $aieee 801 0$bPQKB 906 $aPROCEEDING 912 $a996215694603316 996 $a2011 Proceedings of the 22nd EAEEIE Annual Conference$92505073 997 $aUNISA